Statistics for Summer Olympics -- Medalist at Basketball

Click here to take the quiz!

General Stats

  • This quiz has been taken 135 times
  • The average score is 15 of 21

Answer Stats

Olympic Team% Correct
United States
100%
Spain
97%
Argentina
94%
Brazil
92%
Russia
92%
Australia
88%
France
87%
Italy
85%
Soviet Union
85%
Canada
84%
Croatia
83%
China
79%
Serbia
77%
Lithuania
75%
Yugoslavia
75%
Mexico
55%
Cuba
45%
Uruguay
45%
Bulgaria
39%
South Korea
39%
Unified Team
17%

Score Distribution

Percentile by Number Answered

Percent of People with Each Score

Your Score History

You have not taken this quiz